| 000 | 00395nam a2200145Ia 4500 | ||
|---|---|---|---|
| 008 | 231129s2008||||xx |||||||||||||| ||spa|| | ||
| 020 | _a978-958-704-533-8 | ||
| 040 | _bspa | ||
| 082 | _a863 M379n | ||
| 100 | _aMartín A. | ||
| 245 | 0 | _aNo pidas sardina fuera de temporada | |
| 260 | _c2008 | ||
| 264 | _aBogotá Colombia : Alfaguara | ||
| 942 |
_2ddc _cBKS |
||
| 999 |
_c21716 _d21716 |
||